000
00308nam a22001337a 4500
008
260220b ||||| |||| 00| 0 eng d
020
_a
002-800070999580
041
_a
Shqip
080
_a
2.1
100
_a
20.1
101
_a
Roman
245
_a
Ikja nga Kompleksi i Rozafës
_c
Artan Fuga
942
_2
lcc
_c
BK
999
_c
60835
_d
60835